000
00291nam a22001337a 4500
003
SGT
082
_a
370
_b
A14R
100
_a
RAO, N.M.
245
_a
A MANUAL OF MATHEMATICS LABORATORY
260
_a
NEW DELHI
_b
NEELKAMAL PUB
_c
2014
300
_a
396
650
_a
EDUCATION
942
_2
ddc
_c
BK
999
_c
12392
_d
12392